Statistics for Wannabe - Spice Girls (All Lyrics)

Click here to take the quiz!

General Stats

  • This quiz has been taken 1,346 times
  • The average score is 387 of 470

Answer Stats

Lyrics% Correct
Yo,
100%
I
100%
you
99%
You
99%
me
98%
be
98%
G
98%
my
98%
wanna
98%
wanna,
98%
me,
98%
If
97%
want
96%
want.
96%
want,
96%
real?
96%
real
96%
a.
95%
really
95%
a
95%
ah.
95%
really,
95%
ah
95%
A
95%
love,
95%
what
94%
go
94%
tell
94%
What
94%
Get
93%
lover,
93%
to
93%
friends.
93%
get
93%
with
93%
lover.
93%
for
91%
got
91%
So
91%
it
90%
friendship
86%
never
86%
Z.
85%
I'll
85%
ha
85%
ends.
85%
Ha,
85%
ha,
85%
ha.
85%
the
84%
gotta,
82%
Make
82%
gotta
82%
make
82%
last
81%
forever,
80%
zigazig
78%
is.
77%
easy
77%
is
77%
easy,
77%
Easy
77%
have
77%
that,
76%
your
75%
We
73%
give.
73%
future,
73%
we
73%
give
73%
way
72%
past.
72%
V
71%
that's
71%
don't
70%
time.
70%
too
69%
just
69%
forget
68%
And
66%
and
66%
better
65%
fast.
65%
wasting
65%
together,
65%
precious
64%
fine.
64%
now
64%
Now
64%
but
63%
Taking
62%
from
60%
act
59%
are
59%
can
58%
listen
58%
in
58%
story
56%
carefully.
56%
say
56%
know
56%
Say,
56%
here's
55%
how
52%
feel.
52%
you'll
50%
about
50%
then
50%
as
49%
think
49%
all
49%
goodbye.
48%
like
47%
see.
47%
try.
46%
could
46%
around.
45%
won't
45%
handle
44%
place
42%
face.
42%
body
41%
hasty,
39%
down
39%
Em
38%
lady.
37%
bug
37%
she's
37%
come
37%
Slam
35%
MC
35%
free,
35%
slam,
35%
slam.
35%
who
35%
likes
32%
wind
32%
doesn't
32%
on
31%

Score Distribution

Percentile by Number Answered

Percent of People with Each Score

Your Score History

You have not taken this quiz